Elastomers reinforcement by precipitated silicas (Record no. 58492)

MARC details
000 -LEADER
fixed length control field 00553nam a2200229Ia 4500
100 ## - MAIN ENTRY--AUTHOR NAME
Personal name Guy L
245 #0 - TITLE STATEMENT
Title Elastomers reinforcement by precipitated silicas
260 ## - PUBLICATION, DISTRIBUTION, ETC. (IMPRINT)
Name of publisher Kautschuk Gummi Kunststoffe
Year of publication 2005
300 ## - PHYSICAL DESCRIPTION
Number of Pages 43-49
650 ## - SUBJECT ADDED ENTRY--TOPICAL TERM
Topical Term Adsorption
650 ## - SUBJECT ADDED ENTRY--TOPICAL TERM
Topical Term Carbon black
650 ## - SUBJECT ADDED ENTRY--TOPICAL TERM
Topical Term Dispersible
650 ## - SUBJECT ADDED ENTRY--TOPICAL TERM
Topical Term Interface
650 ## - SUBJECT ADDED ENTRY--TOPICAL TERM
Topical Term Network
650 ## - SUBJECT ADDED ENTRY--TOPICAL TERM
Topical Term Payne effect
650 ## - SUBJECT ADDED ENTRY--TOPICAL TERM
Topical Term Reiinforcement
650 ## - SUBJECT ADDED ENTRY--TOPICAL TERM
Topical Term Silica
700 ## - ADDED ENTRY--PERSONAL NAME
Personal name Bomal Y
700 ## - ADDED ENTRY--PERSONAL NAME
Personal name Cochet Ph
942 ## - ADDED ENTRY ELEMENTS (KOHA)
Koha item type Journals
Holdings
Withdrawn status Lost status Damaged status Not for loan Home library Current library Shelving location Date acquired Serial Enumeration / chronology Koha item type
      Journals RRII Library RRII Library Rubber chemistry 17/12/2021 Volume 58, Issue 02-Jan Journals